000 00293nam a22001097a 4500
008 160419b xxu||||| |||| 00| 0 eng d
020 _a6368500773
041 _aeng
080 _2618.2
_a618.2
245 _aAdult Mursing: in Hospital and Community Settings:
_cLenette O.Burrell;
942 _2udc
_cBK
999 _c1431
_d1431